Chansons de Michael Jackson - Mort Subite - Statistiques

Statistiques générales
  • Ce quiz a été pris 798 fois
  • Le résultat moyen est 14 sur 20
Answers on the Grid
Answers color-coded by a green-red scale on the quiz's grid according to % correct below.
Namibian Girl
No Can Do
In the Closet
They Don't Care About Us
Power of Love
Off The Rails
You Are Not Alone
Rock with You
Earth Song
Man in the Mirror
Smooth Criminal
Rhythm Nation
Moonwalker
Wanna Be Startin' Somethin'
Don't Stop 'Til You Get Enough
Bad
Remember the Time
Ms. Jackson
P.Y.T. (Pretty Young Thing)
Purple Rain
Ghouls
Like a Virgin
Scream
Stranger in Costco
Thriller
Billie Jean
B.L.T. (Bacon Lettuce Tomato)
Beat It
Black or White
Heal the World
Neverland
You Rock My World
Dirty Diana
 
Statistiques - réponses
Réponse % Correct
Billie Jean
87%
Thriller
86%
Beat It
85%
Bad
81%
Black or White
79%
Smooth Criminal
79%
They Don't Care About Us
77%
Dirty Diana
74%
Rock with You
70%
Earth Song
69%
Don't Stop 'Til You Get Enough
68%
You Rock My World
68%
Heal the World
67%
Wanna Be Startin' Somethin'
66%
Man in the Mirror
65%
P.Y.T. (Pretty Young Thing)
65%
Remember the Time
64%
You Are Not Alone
62%
Scream
54%
In the Closet
46%
Aucun quiz correspondant
Distribution des résultats
% des personnes avec chaque résultat
Percentile par nombre de réponses
Votre historique - résultats
Vous n’avez pas pris ce quiz